Beasts and Super-Beasts (Record no. 229622)
[ view plain ]
| 000 -LEADER | |
|---|---|
| fixed length control field | 01369cam a22002653a 4500 |
| 001 - CONTROL NUMBER | |
| control field | 269 |
| 003 - CONTROL NUMBER IDENTIFIER | |
| control field | PGUSA |
| 005 - DATE AND TIME OF LATEST TRANSACTION | |
| control field | 20140828082946.0 |
| 008 - FIXED-LENGTH DATA ELEMENTS--GENERAL INFORMATION | |
| fixed length control field | 950501s1995||||xxu|||||s|||||000 1 eng d |
| 040 ## - CATALOGING SOURCE | |
| Original cataloging agency | PGUSA |
| Language of cataloging | eng |
| 042 ## - AUTHENTICATION CODE | |
| Authentication code | dc |
| 050 #4 - LIBRARY OF CONGRESS CALL NUMBER | |
| Classification number | PR |
| 100 1# - MAIN ENTRY--PERSONAL NAME | |
| Personal name | Saki, |
| Dates associated with a name | 1870-1916 |
| 245 10 - TITLE STATEMENT | |
| Title | Beasts and Super-Beasts |
| Medium | [electronic resource] / |
| Statement of responsibility, etc | Saki |
| 260 ## - PUBLICATION, DISTRIBUTION, ETC. (IMPRINT) | |
| Name of publisher, distributor, etc | Project Gutenberg, |
| Date of publication, distribution, etc | 1995 |
| 505 0# - FORMATTED CONTENTS NOTE | |
| Formatted contents note | The she-wolf -- Laura -- The boar-pig -- The Brogue -- The hen -- The open window -- The treasure-ship -- The cobweb -- The lull -- The unkindest blow -- The romancers -- The Schartz-Metterklume method -- The seventh pullet -- The blind spot -- Dusk -- A touch of realism -- Cousin Teresa -- The Yarkand manner -- The Byzantine omelette -- The Feast of Nemesis -- The dreamer -- The quince tree -- The forbidden buzzards -- The stake -- Clovis on parental responsibilities -- A holiday task -- The stalled ox -- The story-teller -- A defensive diamond -- The elk -- Down pens -- The name-day -- The lumber room -- Fur -- The philanthropist and the happy cat -- On approval. |
| 506 ## - RESTRICTIONS ON ACCESS NOTE | |
| Terms governing access | Public domain in the USA. |
| 516 ## - TYPE OF COMPUTER FILE OR DATA NOTE | |
| Type of computer file or data note | Electronic text |
| 653 ## - INDEX TERM--UNCONTROLLED | |
| Uncontrolled term | Supernatural -- Fiction |
| 653 ## - INDEX TERM--UNCONTROLLED | |
| Uncontrolled term | Short stories, English |
| 653 ## - INDEX TERM--UNCONTROLLED | |
| Uncontrolled term | Humorous stories |
| 830 #0 - SERIES ADDED ENTRY--UNIFORM TITLE | |
| Uniform title | Project Gutenberg |
| Volume number/sequential designation | 269 |
| 856 40 - ELECTRONIC LOCATION AND ACCESS | |
| Uniform Resource Identifier | <a href="http://www.gutenberg.org/ebooks/269">http://www.gutenberg.org/ebooks/269</a> |
| 942 ## - ADDED ENTRY ELEMENTS (KOHA) | |
| Koha item type | eBooks |
| Withdrawn status | Lost status | Damaged status | Home library | Current library | Date acquired | Total Checkouts | Date last seen | Price effective from | Koha item type |
|---|---|---|---|---|---|---|---|---|---|
| Project Gutenberg | Project Gutenberg | 08/28/2014 | 08/28/2014 | 08/28/2014 | eBooks |